000 00288 a2200109 4500
001 ART_44506
005 20260410161709.0
008 260409a
245 1 0 _aImpuestos internos
100 1 _aBaldo, Alberto
773 0 _tRevista Impuestos
_g- NÂș 8 (ago. 2017)
_wREV639
999 _c15878
_d15878